| 000 | 01280cam a22003377a 4500 | ||
|---|---|---|---|
| 003 | CHAP | ||
| 005 | 20220329141922.0 | ||
| 008 | 980604d1994 mx r 00110 spa d | ||
| 010 | _a75703 | ||
| 011 | _a76675 | ||
| 020 | _a9706205683 | ||
| 035 | _a86261 | ||
| 040 | _cCHAP | ||
| 082 | 0 | 4 |
_a909.09 _bH4 |
| 100 | 0 | 0 |
_aHernández Prado, José. _954484 |
| 245 | 1 | 3 |
_aLa filosofía de la cultura de Antonio Caso : _bla concepción casiana del conocimiento de la historia, la sociedad y la cultura _c/por José Hernández Prado |
| 260 |
_aMéxico, D. F. : _bUniversidad Autónoma Metropolitana. Unidad Azcapotzalco. División de Ciencias Sociales y Humanidades, _c1994. |
||
| 300 | _a290 p. | ||
| 590 |
_aBATCH-UPD _b10 _c20130110 _lUCH01 _h0432 |
||
| 590 |
_aBATCH-UPD _b10 _c20130410 _lUCH01 _h0107 |
||
| 590 |
_aBATCH-UPD _b10 _c20130914 _lUCH01 _h0945 |
||
| 590 |
_aCONVERSION _b10 _c20130109 _lUCH01 _h1341 |
||
| 650 | 1 | 4 |
_aCivilización _xFilosofía. _923562 |
| 650 | 1 | 4 |
_aCultura. _930401 |
| 650 | 1 | 4 |
_aHistoria _xFilosofía. _955604 |
| 901 | _aBK | ||
| 905 | _aLilia Sánchez G. | ||
| 942 | _cLIBRO | ||
| 949 |
_a909.09 H4 _bBC _cLIBRO _d33724000693743 _eLIBRO _fc.2 _h93421 _i86261 _kDonaciØn _sb |
||
| 949 |
_a909.09 H4 _bBC _cLIBRO _d33724000693750 _eLIBRO _h93420 _i86261 _kDonaciØn _si |
||
| 999 |
_c75703 _d75703 |
||